Μαθηματικά
Αποθηκεύτηκε σε:
| Κύριος συγγραφέας: | |
|---|---|
| Μορφή: | Βιβλίο |
| Γλώσσα: | Greek French |
| Δημοσίευση: |
Αθήναι :
Ίδρυμα Ευγενίδου,
1957.
|
| Σειρά: | Βιβλιοθήκη του τεχνίτη
|
| Θέματα: | |
| Ετικέτες: |
Προσθήκη ετικέτας
Δεν υπάρχουν, Καταχωρήστε ετικέτα πρώτοι!
|
MARC
| LEADER | 00000cam a2200000 a 4500 | ||
|---|---|---|---|
| 001 | 1/107973 | ||
| 008 | 150818m19571960gr | ||| |||| ||gre|| | ||
| 040 | |a GR-MyUa |b gre |c GR-MyUa |e AACR2 | ||
| 041 | 1 | |a gre |h fre | |
| 082 | 7 | |a 510 |2 (23) | |
| 100 | 1 | |a Κριτικός, Νίκος. | |
| 245 | 1 | 0 | |a Μαθηματικά / |c Νικολάου Κριτικού. |
| 260 | |a Αθήναι : |b Ίδρυμα Ευγενίδου, |c 1957. | ||
| 300 | |a 3 τ. (x, 277, x, 268, xi, 267 σ.) : |b πίν., σχέδια ; |c 21 εκ. | ||
| 490 | 1 | |a (Βιβλιοθήκη του τεχνίτου) | |
| 500 | |a Προσαρμογή από το Γαλλικο σύγγραμμα του k. R. Cluzel, με άδεια του συγγραφέα. | ||
| 650 | 0 | |a Mathematics. | |
| 830 | 0 | |a Βιβλιοθήκη του τεχνίτη | |
| 852 | |a INST |b SAMOS |c MAG |e 20150818 |h 510 ΚΡΙ |p 005300035180 |q 005300035180 |t BK |v τομ.1: |y 0 | ||
| 852 | |a INST |b SAMOS |c MAG |e 20150926 |h 510 ΚΡΙ |p 005300035725 |q 005300035725 |t BK |v τομ.3: |y 0 | ||
| 852 | |a INST |b SAMOS |c MAG |e 20150926 |h 510 ΚΡΙ |p 005300035726 |q 005300035726 |t BK |v τομ.2: |y 0 | ||
| 853 | |a INST |b SAMOS |c MAG |h 510 ΚΡΙ | ||
| 970 | |a Σιτζίμη |b Γιασεμή |z 18/08/2015 | ||